[Event "OSBO Competitie 2011/2012"]
[Site "Voorst"]
[Date "2012.04.21"]
[Round "9"]
[White "Bloemhard, R.E.F. (Rudy)"]
[Black "Tervooren, M.B. (Miguel)"]
[Result "1/2-1/2"]
[WhiteElo "2014"]
[BlackElo "1650"]
[PlyCount "53"]
[EventDate "2012.??.??"]
[EventType "k.o."]
[EventRounds "9"]
[EventCountry "NED"]
[Source "I"]
[WhiteTeam "VDS 1"]
[BlackTeam "Voorst 1"]

1. Nf3 c5 2. e4 {Ik besloot hier in een opwelling tot deze zet, omdat sommige
spelers die Pf3 met c5 beantwoorden, normaal gesproken na 1.e4 geen Siciliaans
spelen. Maar mijn tegenstander leek niet onaangenaam verrast.} d6 3. d4 cxd4 4.
Nxd4 Nf6 5. Nc3 a6 6. Be3 {Wit wil de Engelse aanval spelen met Le3, Dd2, f3,
0-0-0 en een pionnenstorm op de koningsvleugel, zodra zwart kort heeft
gerocheerd.} Ng4 {Zwart maakt gebruik van het feit dat wit geen f3 heeft
gespeeld. Het is nu slecht om de sterke zwartveldige loper te laten afruilen.}
7. Bg5 {Ik speelde deze provocerende zet om de zwarte koningsstelling te
verzwakken. Zwart gaat daar graag op in.} ({Het meest simpele is nu om gewoon} 
7. Bc1 {te spelen. Het zwarte paard heeft dan niets meer op g4 te zoeken en
gaat meestal meteen weer terug met} Nf6 {Nu speelt wit eerst} 8. f3 {om Pg4 te 
voorkomen, waarna er normale stellingen ontstaan waarin beide partijen twee
zetten hebben verloren.} e6 (8... Qb6 {lijkt misschien een slimme zet, omdat
vanwege de dreiging op b2 wit nu moeilijk Le3 kan spelen. Er volgt echter:} 9.
Nb3 e6 10. Bf4 Be7 11. Qd2 O-O 12. Be3 Qc7 {
en nu hebben beide partij vier zetten verloren op de normale stellingen.}) 9.
Be3) 7... h6 ({Ik moest} 7... Qb6 {
nog even bekijken, maar dat is niet goed wegens} 8. Nd5 Qa5+ 9. b4 Qd8 10. b5)
8. Bh4 g5 9. Bg3 Bg7 10. Be2 Nf6 ({Deze stelling is al heel vaak op het bord
verschenen. Veel grootmeesters kiezen nu voor} 10... h5 {Na} 11. Bxg4 {
kan zwart zowel met de loper als met de pion terug slaan. In beide gevallen
met speelbare stelling.}) (10... Ne5 {is ook een optie.}) 11. Qd2 Qb6 12. e5 {
Een poging om gebruik te maken van het wat onnatuurlijk uitziende Pf6.} (12.
Nb3 {is de normale zet.}) 12... dxe5 13. Bxe5 Ne4 $1 {Nu wordt het interessant.
} 14. Bxg7 {Dit was mijn bedoeling.} (14. Nxe4 Bxe5 15. c3 {
geeft zwart het loperpaar en leek me niet aantrekkelijk.}) 14... Nxd2 15. Bxh8
f6 {Zwart sluit de loper in en dreigt op d4 te slaan.} 16. O-O-O $1 {De pointe.
Het zwarte paard is ingesloten. Ik meen gelezen te hebben dat een sterke
Russische grootmeester in een dergelijke stelling ooit bij de wedstrijdleider
ging navragen of rochade wel toegestaan was als het veld b1 bestreken werd
door de tegenstander.} Qxd4 17. Rxd2 {Wit heeft nu een toren en een loper voor
de dame. Bovendien heeft hij al zijn stukken actief staan, terwijl de zwarte
damevleugel nog onontwikkeld is. Een nadeel is natuurlijk dat de loper op h8
ingesloten dreigt te worden. De onmiddellijke dreiging is Lh5 en Td8 mat.
Daarom taxeerde ik de stelling als gunstig voor wit. Zwart heeft nu twee
zetten.} Qb6 $1 (17... Qh4 {
verhindert weliswaar Lh5, maar de dame staat dan nogal buitenspel. Na} 18. Nd5
{staat wit duidelijk beter.}) 18. Nd5 Qa5 {Zwart moet c7 blijven dekken.} 19.
Bh5+ ({Sterker, maar veel ingewikkelder is} 19. Re1 $1 Nc6 20. Bh5+ Kf8 21.
Nxe7 Nxe7 22. Bg7+ Kg8 (22... Kxg7 23. Rxe7+ Kf8 24. Re8+ Kg7 25. Rdd8 {
en wit wint.}) 23. Rxe7 Be6 24. Bxf6 {met winnende aanval voor wit.}) 19... Kf8
20. Nxe7 $1 Kxe7 21. Re1+ Be6 (21... Kf8 22. Re8#) 22. Bg4 (22. Rde2 {faalt op}
Qxa2 23. Bg4 f5 24. Bxf5 Qa1+ 25. Kd2 Qa5+ 26. Bc3 Qxf5) 22... f5 (22... Qxa2
23. Rxe6+ Qxe6 24. Bxe6 Kxe6 25. Rd8 Ke7 26. Rc8 Kf7 {
en zwart kan geen vin verroeren.}) 23. Bc3 $2 {Nu kan wit het niet meer winnen.
} (23. b4 $1 {is wat ik had moeten spelen. Ik zag over het hoofd dat ik nu a1
en b2 onder controle heb dankzij de gedwongen zet f5 van zwart. Als ik die zet
had gevonden had ik een goede partij gespeeld. Nu geef ik het in één zet weg
en moet remise nemen. Het sterke van de zet is dat de zwart dame overbelast is.
Op a5 dreigt hij op e1 te slaan als wit Tde2 speelt en bovendien wordt veld f5
bestreken, waardoor Lxf5 niet mogelijk is. De zet b4 lost alle problemen op.
Eigenlijk stom dat ik dat niet gevonden heb.} Qxa2 {geeft veld f5 op.} (23...
Qa3+ 24. Bb2 Qxa2 25. Bxf5 {komt op hetzelfde neer als 23...Dxa2.}) (23... Qxb4
{geeft veld f5 ook weer op.} 24. Bxf5 ({Op} 24. Rde2 $4 {volgt weer} Qxe1+ 25.
Rxe1 fxg4)) (23... Qb5 {En nu moet wit het nog even nauwkeurig spelen:} 24. a4
$1 (24. Rde2 {lijkt goed, maar dat valt tegen, omdat na} Nc6 (24... Qxe2 {
faalt op} 25. Bxe2) 25. Rxe6+ Kd7 {wit een van zijn lopers kwijtraakt.}) 24...
Qxb4 25. Bxf5 Nc6 26. Rxe6+ Kf8 27. Rd7 {met groot voordeel.}) 24. Bxf5 Nc6 25.
Bxe6 Qxe6 26. Rxe6+ Kxe6 27. Bc3 {
en wit staat een pion voor bij goede stelling.}) (23. Rde2 {
kon dus niet vanwege} Qxe1+ 24. Rxe1 fxg4) 23... Qxa2 ({Met} 23... Qb5 {
kan zwart misschien nog een winstpoging wagen, maar dat ziet er in mijn ogen
uit als een typische computerzet.} 24. Rde2 fxg4 25. Rxe6+ Kd7) 24. Bb4+ (24.
b3 {kan niet wegens} fxg4 25. Rde2 Qa3+ 26. Bb2 Qd6 {
en wit blijft teveel materiaal achter.}) 24... Kf6 (24... Ke8 25. Bh5#) (24...
Kf7 25. Bh5+ Kf6 26. Bc3+ {is weer eeuwig schaak}) 25. Bc3+ Ke7 ({
Ik dacht tijdens de partij dat} 25... Kg6 {een verliespoging was wegens} 26.
Rd6 fxg4 27. Rexe6+ {maar mijn schaakprogramma ziet alleen maar eeuwig schaak.}
) 26. Bb4+ Kf6 27. Bc3+ {Dat was een merkwaardige partij. Ik had de indruk dat
mijn dameoffer veelbelovend was. Daarna speelde ik het goed verder, ook
volgens mijn computerprogramma (en die geloof ik in dit soort stellingen
blindelings). Weliswaar vond ik het sterkere 19.Te1 niet, maar dat is weer
zo'n typische computervariant. Bovendien was de door mij gespeelde zet ook
prima. Als ik 23.b4! had gevonden, had ik mijn voordeel kunnen vasthouden. Ik
zat wel steeds op die zet te loeren, maar op het moment dat het kon, zag ik
het niet. Daarna zat er meteen niet meer in dan remise. In sommige partijen is
het pad naar de overwinning zeer smal. Complimenten overigens aan mijn
tegenstander, die het op verschillende momenten verkeerd had kunnen spelen,
maar steeds de juiste verdediging vond.} 1/2-1/2

[Event "ONK Zesrondig 1"]
[Site "Dieren"]
[Date "2008.07.21"]
[Round "1"]
[White "Koetsier, B. (Berend)"]
[Black "Bloemhard, R.E.F. (Rudy)"]
[Result "0-1"]
[WhiteElo "1811"]
[BlackElo "2043"]
[Annotator "Rudy Bloemhard"]
[PlyCount "44"]
[EventDate "2008.07.??"]
[EventType "swiss"]
[EventRounds "6"]
[EventCountry "NED"]
[Source "I"]

{In de zomer kon ik helaas niet genoeg vrij krijgen om in de Hoofdgroep te
spelen van het Open Nederlands Kampioenschap in Dieren. Gelukkig kon ik met
enig kunst- en vliegwerk nog meespelen in het Zesrondig toernooi. Ik verloor
mijn tweede partij, maar na drie winstpartijen kon ik in de laatste ronde toch
nog om de toernooiwinst spelen tegen Bob Merx van Voerendaal. Na een
interessante partij ging er iets mis en ging mijn sympathieke tegenstander er
met de eerste plaats vandoor. In de eerste ronde speelde ik een leuke partij:} 
1. b4 {Dat belooft een leuke partij te gaan worden.} f5 ({
Mijn tegenstander hoopte dat ik iets als:} 1... e5 2. Bb2 Bxb4 3. Bxe5 Nf6 4.
Nc3 Nc6 5. Bxf6 Qxf6 6. Nd5 {zou spelen, zoals hij mij na de partij liet zien.
Bobby Fischer zou dat zo met wit gespeeld hebben, en mijn tegenstander boekte
er goede resultaten mee. Maar ik koos voor een andere opzet.}) 2. Bb2 e6 3. b5
Nf6 4. e3 Be7 5. Nf3 b6 6. Be2 Bb7 7. O-O O-O 8. d3 $5 {Wit speelt het
uitgekookt. Mijn hele opzet is gebaseerd op het bezetten van veld e4 en dan
komt het zwart goed uit als wit d4 speelt. Bovendien verlamt de pion op b5 de
damevleugel. Zwart kan wel d6 en Pbd7 spelen, maar dan wordt e6 zwak. Het
nadeel van de witte opzet is wel dat hij niet zoveel kan uitrichten.} Qe8 9. a4
a6 10. Nbd2 Qg6 {Zwart heeft nu een typische Oud-Hollandse opstelling op het
bord, maar vanwege de witte pion op d3 i.p.v. d4 kan hij zijn paard niet naar
e4 spelen.} 11. c4 Ng4 $6 {Nogal opportunistisch gespeeld} 12. d4 $6 ({
Wit had gewoon} 12. h3 {moeten spelen, maar wilde zijn koningsvleugel niet
verzwakken. En omdat het koningspaard niet snel naar e4 kan worden gespeeld,
leek het hem een goede zet.}) 12... d6 13. Qb3 {Lijkt actief, omdat de zwakte
op e6 wordt aangevallen, maar nu staat de loper op e2 ongedekt.} Nd7 14. a5 {
Wit maakt al flink vorderingen op de damevleugel, maar ik had inmiddels iets
berekend op de andere vleugel.} Nxh2 $5 {
Beetje riskant wellicht, maar ik kon geen weerlegging vinden.} 15. Kxh2 (15.
Nxh2 {kan natuurlijk niet wegens} Qxg2#) 15... Qh5+ 16. Kg1 Rf6 {Het plan is
lekker simpel: Th6 en matzetten. En dan maar hopen dat wit niet ergens een
verdediging vindt.} 17. Ne5 Qxe2 18. Nxd7 {
Na deze logische zet staat wit heel beroerd.} (18. f3 $1 {is de juiste
verdediging, hoewel lastig te vinden vanwege het ongedekte paard op d2. Die
had ik dus gemist toen ik op h2 sloeg. Er dreigt Tf2 met damewinst. Er kan
volgen} Rh6 19. Rf2 Rh1+ 20. Kxh1 Qxf2 21. Nxd7 Qxd2 {
en wit staat zo slecht nog niet.}) 18... Rg6 {Tot zover had ik het bekeken en
geconstateerd dat het heel goed voor zwart was vanwege de diverse dreigingen
tegen de witte koning.} 19. d5 (19. e4 Qxd2 {
en zwart wint zijn stuk terug met groot voordeel.}) 19... Qg4 $1 {
dit is het simpelst.} (19... Qxd2 {hoefde ik daarom niet meer te bekijken.})
20. g3 Qh3 $1 {De meest nauwkeurige zet die de witte stelling totaal verlamt.}
21. Qc3 {Wit probeert nog een matdreiging op g7.} ({
Voor ruimte maken voor de koning is het te laat:} 21. Rfc1 Rh6 22. f4 Qh1+ 23.
Kf2 Rh2#) 21... e5 22. Nxe5 {Een laatste stuip.} Rh6 0-1

[Event "1e klasse OSBO competitie"]
[Site "Meppel"]
[Date "2008.03.11"]
[Round "6"]
[White "Tan, Boen"]
[Black "de Bruin, Wilco"]
[Result "0-1"]
[WhiteElo "1870"]
[BlackElo "1832"]
[PlyCount "62"]
[EventDate "2008.??.??"]
[TimeControl "240+2"]

1. e4 e5 2. d4 exd4 3. Nf3 Nc6 4. c3 d3 5. Bxd3 d6 6. h3 Be7 7. O-O Be6 8. Nd4
Bd7 9. Nxc6 Bxc6 10. Qg4 Nf6 11. Qxg7 Rg8 12. Qh6 Nxe4 13. Bxe4 Bxe4 14. f3 Bf5
15. Re1 Rg6 16. Qh5 Qd7 17. Bg5 Be6 18. Bxe7 Qxe7 19. Qa5 a6 20. Qa4+ c6 21.
Qd4 O-O-O 22. Nd2 Qg5 23. Qf2 h5 24. f4 Qd5 25. c4 Qd3 26. Re3 Qc2 27. g4 Bxc4
28. Rc3 Qxb2 29. Rb1 Qxc3 30. Qg2 Qd4+ 31. Kh2 Bd5 0-1

[Event "OSBO Competitie 2007/2008 1A"]
[Site "?"]
[Date "2007.12.13"]
[Round "3"]
[White "Meester, B. (Bert)"]
[Black "Bloemhard, R.E.F. (Rudy)"]
[Result "0-1"]
[WhiteElo "2040"]
[BlackElo "2043"]
[PlyCount "80"]
[EventDate "2007.??.??"]
[EventType "team"]
[EventRounds "7"]
[EventCountry "NED"]
[Source "I"]
[WhiteTeam "VDS 1"]
[BlackTeam "Voorst 1"]

1. Nf3 d5 2. b3 {Deze opening heb ik zelf vaak gespeeld met wit, met goede
resultaten. In de vorige wedstrijd met Voorst 1 won ik er nog mee.} c5 3. e3 ({
Ik hoopte op} 3. Bb2 f6 $1 {waarna zwart al voordeel zou moeten hebben.
Inderdaad is ...e5 niet meer te verhinderen. Petrosjan verloor er mee van
Bobby Fischer in 1971.  Wit kan overwegen om een pion te offeren met} 4. e4
dxe4 5. Nh4) 3... e6 (3... f6 {
heeft nu geen zin, omdat wit dankzij de pion op e3 nu gewoon} 4. d4 {
kan spelen.}) ({Ik speelde niet meteen} 3... Nc6 {
omdat ik Lb5 met Pge7 wilde kunnen beantwoorden.}) 4. Bb2 Nc6 5. Bb5 Nge7 ({
Wit speelt op bezit van veld e5, daarom deed ik liever geen} 5... Nf6 {
, hoewel dat best speelbaar is, bijvoorbeeld} 6. Ne5 Bd7 7. Bxc6 Bxc6 8. O-O
Be7 9. d3 O-O 10. f4) 6. Ne5 $6 {
Dit heeft zonder zwart paard op f6 geen enkele zin.} f6 $1 7. Nxc6 bxc6 8. Be2
{Wit heeft niks bereikt, zwart heeft een sterk pionnencentrum en kan zijn
ontwikkeling eenvoudig voltooien.} Nf5 9. d3 Bd6 10. Nd2 O-O 11. O-O a5 12. a4
{Het inlassen van a5 en a4 leek me wel gunstig voor zwart.} e5 13. Bg4 {
Wit is kennelijk in een vredelievende bui.} Qe8 14. e4 Nd4 15. Bxc8 Qxc8 16. c3
{(=) met remiseaanbod} Ne6 17. g3 ({
toen ik over het remiseaanbod nadacht, moest ik de volgende variant bekijken:} 
17. exd5 cxd5 18. Qf3 Qb7 19. c4 {
en het is niet zoveel bijzonders voor zwart, maar er is nog wel wat mogelijk.})
17... f5 $1 {zwart moet zo snel mogelijk het stellingbeeld veranderen, anders
zouden er weleens Nimzowitsch-achtig blokkadestellingen kunnen ontstaan die
niet ongunstig voor wit zijn. Ik doel dan op stelling waarin zwart tot d4
besluit en wit dan zijn paard naar c4 speelt .} 18. f3 Qa6 19. Qe2 Rad8 20.
Rae1 c4 $1 {lijkt heel riskant, maar mijn schaakprogramma Rybka is er ook van
gecharmeerd. Tijdens de partij kon ik niet goed inschatten of het misschien
niet veel te riskant of zelfs slecht was om hier de pion te offeren.} 21. dxc4
dxe4 22. fxe4 f4 23. Kg2 {ik sta weliswaar een pion achter, maar wit heeft
grote moeite om nuttige zetten te vinden. Daardoor kon ik mijn
tijdsachterstand van een minuut of 20 goedmaken.} Qb7 24. Rb1 Qf7 (24... Ng5 {
is misschien beter, maar dat is moeilijk te beoordelen. De tekstzet is in elk
geval voor de hand liggender.}) 25. Bc1 {Dit was dus het soort stelling waarop
ik hoopte toen ik de pion offerde. Wit slaagt er niet in om zijn stelling te
verbeteren, terwijl zwart met elke zet wel vorderingen maakt. Het pionoffer
was dus in elk geval practisch een goede oplossing en misschien zelfs ook
objectief gesproken de beste zet.} g5 $6 ({Hier had ik het beoogde} 25... Qg6 {
met de dreiging fxg3 en Pf4 moeten spelen. Het wordt dan voor wit wel erg
moeilijk om een sluitende verdediging te vinden. Helaas speelde ik in een
opwelling mijn g-pion naar voren in de hoop het h5 en g4 een pionnenopstoot te
kunnen beginnen.}) 26. Kh1 Qg6 27. g4 $1 {Wit mag g4 van zwart niet toelaten.}
Nc5 $2 {Ik had beter de toren kunnen verdubbelen over de d- of b-lijn. Zwart
staat dan nog steeds beter.} 28. Rf3 $2 ({Hier had wit mooi} 28. b4 {kunnen spe
len. De witte pionnenmeerderheid op de damevleugel komt dan in actie en er
komen meteen velden vrij voor de slecht geplaceerde stukken op de damevleugel.}
) 28... Be7 $6 ({Ik had hier kunnen profiteren met} 28... h5 $1 29. gxh5 Qxh5 {
en wederom staat wit naar mijn mening vrij beroerd.}) 29. b4 $1 {
(=) Wederom met remiseaanbod.} Nxa4 $2 {
Met deze blunder geef ik al mijn voordeel weg.} (29... axb4 30. cxb4 Ne6 {
ziet er veel sterker uit, wit moet dan} 31. c5 {zien te vinden} h5 (31... Nd4
32. Qc4+ Kg7 {komt ook in aanmerking}) 32. gxh5 Qxh5 {
maar weer met voordeel voor zwart.}) 30. Ra1 Nb6 (30... Nxc3 31. Rxc3 axb4 32.
Rd3 Rxd3 33. Qxd3 Qe6 {leek me niks, maar Rybka vindt het nog niet zo'n ramp.
Ik ben blij dat ik dat niet heb gespeeld.}) 31. Rxa5 Qe6 {Nu is er weer van
alles mogelijk, hoewel ik actiever sta, wat met weinig tijd wel prettig is.}
32. Rf1 (32. c5 {lijkt me een betere poging.}) 32... Ra8 33. Rxa8 Rxa8 34. c5
Nd7 35. Qc4 Kf7 36. Kg2 Kf6 (36... Ra2 {meteen is iets nauwkeuriger, maar met
voor beiden nog toen minuten op de klok kan er niet veel meer worden
doorgerekend.}) 37. Kf3 Ra2 {Een giftig zetje.} 38. Rf2 $2 {daar rekende ik
dus op, wit hoopt het zaakje bij elkaar te houden, maar het verliest meteen.} (
{Een zet als} 38. Rh1 {had wit nog voldoende tegenspel opgeleverd.}) 38... Rc2
$1 $19 39. Qxe6+ Kxe6 40. Nb3 $2 {
Een blunder, maar andere zetten bieden ook geen hoop meer.} (40. Rf1 Rxc3+ 41.
Ke2 Nf6 {wint ook voor zwart. Alle witte pionnen zijn zwak en spoedig zullen
er één of meer vallen, waarna er helemaal niets meer overblijft van de witte
stelling.}) 40... Rxc3+ 0-1

[Event "Open Arnhems Kampioenschap"]
[Site "Arnhem"]
[Date "2006.09.02"]
[Round "2"]
[White "Rudy Bloemhard"]
[Black "Roger van Gemert"]
[Result "1-0"]
[WhiteElo "2044"]
[BlackElo "1888"]
[PlyCount "37"]
[EventDate "2006.??.??"]

{In het eerste weekend van september speelde ik mee in het Open Arnhems
Kampioenschap. Vorig jaar had ik ook al meegespeeld en dat beviel me toen wel,
ondanks de tropische temperaturen. Gelukkig was het dit jaar beter uit te
houden. Ik verloor twee partijen en won er drie. Een van die overwinningen
ging als volgt:} 1. d4 Nf6 2. Bg5 {Dit systeem speel ik, omdat er niet zoveel
theorie van is en de tegenstanders vaak eerder in de fout gaan dan wanneer ze
een normale opening voorgeschoteld krijgen.} c5 3. d5 e6 4. Nc3 d6 5. e4 Be7 6.
Bb5+ {Bedoeld om het paard op b8 slecht te houden. Zwart heeft weinig ruimte
en moet oppassen dat hij daar geen problemen door krijgt.} Bd7 7. a4 O-O ({
De standaardwending} 7... Nxd5 $1 {komt zeer in aanmerking.} 8. exd5 {
levert dan niet zoveel op als zwart de negende zet vindt} ({ik was} 8. Bxe7 {
van plan, na} Nxc3 (8... Nxe7 9. Qxd6 {lijkt me wel goed voor wit}) 9. Bxd8
Nxd1 {dacht ik wel beter te staan, maar het valt nogal mee voor zwart.}) 8...
Bxg5 9. dxe6 Qe7) 8. Nf3 {
Nu dacht zwart wel voordeel te kunnen krijgen met dat geintje.} Bxb5 9. axb5
Nxd5 10. exd5 Bxg5 11. dxe6 {Dit ziet er op het eerste gezicht misschien wel
goed uit voor zwart, ontwikkelingsvoorsprong, initiatief, maar ik schatte in
dat wit voordeel had.} Re8 (11... fxe6 {had zwart gepland, en dan} 12. Nxg5
Qxg5 13. Qxd6 Qxg2 {maar hij zag tijdig, dat wit er wel erg goed uitkomt na}
14. Qxe6+ Kh8 15. O-O-O) 12. O-O Rxe6 13. Qd5 {
Door de dubbele aanval op g5 en b7 krijgt zwart ook nu problemen} Bf4 14. Qxb7
Nd7 15. Rxa7 Rxa7 16. Qxa7 Rh6 17. g3 Be5 18. Ra1 {
Dreigt op d7 te slaan, gevolgd door mat op a8 met de toren.} Nb6 19. Qxb6 {
Zo kan het ook, maar zwart had toch al geen kansen meer op behoud.} 1-0